Loading...
| History - Other | 0 | 7 | 0 | 2 | 70 | 42 | 67.43 | 1 | 5 | 24.54 | 42.34 |
| Philosophy | 0 | 5 | 0 | 0 | 50 | 19 | 45.40 | 1 | 4 | 35.75 | 52.75 |
| Social Science | 0 | 5 | 0 | 1 | 50 | 35 | 64.80 | 1 | 4 | 24.78 | 47.31 |
| History - European | 0 | 5 | 1 | 0 | 45 | 25 | 36.20 | 1 | 3 | 29.66 | 30.11 |
| History - World | 0 | 5 | 1 | 0 | 45 | 18 | 52.80 | 1 | 2 | 23.40 | 30.50 |
| History - American | 0 | 3 | 0 | 0 | 30 | 28 | 40.33 | 0 | 3 | 16.90 | 23.95 |
| Literature - World | 0 | 2 | 0 | 1 | 20 | 51 | 68.00 | 1 | 1 | 7.21 | 15.91 |
| Fine Arts - Other | 0 | 2 | 0 | 0 | 20 | 15 | 55.00 | 1 | 1 | 9.67 | 10.74 |
| Literature - European | 0 | 2 | 0 | 1 | 20 | 76 | 94.50 | 0 | 1 | 3.13 | 6.54 |
| Literature - British | 0 | 1 | 0 | 0 | 10 | 66 | 66.00 | 0 | 0 | 3.83 | 4.55 |
| Literature - American | 0 | 1 | 0 | 0 | 10 | 52 | 52.00 | 0 | 0 | 4.94 | 6.61 |
| Mythology | 0 | 1 | 0 | 1 | 10 | 94 | 94.00 | 0 | 0 | 1.32 | 3.03 |
| Popular Culture | 0 | 1 | 0 | 0 | 10 | 29 | 29.00 | 0 | 1 | 12.67 | 15.15 |
| Religion | 0 | 1 | 0 | 0 | 10 | 32 | 32.00 | 1 | 1 | 6.69 | 9.09 |
| Geography | 0 | 1 | 1 | 0 | 5 | 79 | 79.00 | 0 | 0 | 5.01 | 6.06 |
| Current Events | 0 | 1 | 1 | 0 | 5 | 35 | 35.00 | 1 | 1 | 13.07 | 20.00 |
| Science - Biology | 0 | 0 | 1 | 0 | -5 | 0.00 | 0 | 0 | 0.00 | 0.00 |